000 00511nam a2200181Ia 4500
001 10919
005 20260306161907.0
008 260306t2013||||xx |||||||||||||| ||spa||
041 _aESP
082 _a980.74085
_bV31
100 _aVarella, Alexandre C.
_eAUT
245 2 _aA embriaguez na conquista da América:
_bmedicina, idolatria e vício no México e Perú, séculos XVI e XVII
260 _c2013
300 _a458 páginas :
_c23 cm.
650 _aGEN
654 _aCHU
942 _cLIB
_dJUS
_fJUS
_2ddc
_n
999 _c10919
_d10919